000 00300nam a2200109Ia 4500
008 220714s9999 xx 000 0 und d
020 _a0 799313173
082 _aAF BERG
100 _aBergh, Rene
_974722
245 0 _aVUUR VIR 'N KOUE SKEMER
942 _cBK
_w561
_xJohn Tresidder
_y296
_zPhillipina Naude
999 _c724924
_d724923